000 08738namaa22004331i 4500
003 EG-GICUC
005 20260416192519.0
008 260416s2025 ua a|||frm||| 000 0 eng d
040 _aEG-GICUC
_beng
_cEG-GICUC
_dEG-GICUC
_erda
041 0 _aeng
_beng
_bara
049 _aDeposit
082 0 4 _a615.19
092 _a615.19
_221
097 _aPh.D
099 _aCai01.08.08.Ph.D.2025.Es.D
100 0 _aEsraa Taha Abd Elaziz,
_epreparation.
245 1 0 _aDesign and evaluation of different nanoplatforms for skin delivery of certain drugs /
_cby Esraa Taha Abd Elaziz ; Supervision Prof. Dr. Samia A. Nour, Dr. Mai M. El Taweel.
246 1 5 _aتصميم و تقييم منصات نانوية مختلفة لتوصيل بعض العقاقير عن طريق الجلد
264 0 _c2025.
300 _a117 pages :
_billustrations ;
_c25 cm. +
_eCD.
336 _atext
_2rda content
337 _aUnmediated
_2rdamedia
338 _avolume
_2rdacarrier
502 _aThesis (Ph.D)-Cairo University, 2025.
504 _aBibliography: pages 81-117.
520 3 _aThe aim of our work was to prepare silver nanoparticles (AgNPs) loaded with two different drugs, namely; curcumin and vancomycin for topical skin delivery to be used in the process of wound healing that is caused by skin excision or burns. Silver nanoparticles evinced to have a great potential in skin wound healing purposes for its numerous advantages that would be discussed to a large degree later on. Hence, the work in this thesis was divided into two chapters: Chapter I: Preparation of Curcumin-Loaded Silver Nanoparticles. A three-factor three-level central composite face-centered design was applied to optimize the prepared silver nanoparticles. The systems were prepared and evaluated for particle size (nm), zeta potential (mV), polydispersity index, and UV absorbance. All the responses were statistically affected by the studied variables. Optimization of curcumin-loaded AgNPs was done based on minimized particle size, maximized UV absorbance, while keeping polydispersity index and zeta potential.Second degree burns were created in dogs and healing progression was tracked for three weeks. The optimized curcumin-loaded system showed prominent rapid healing and complete wound closure within 3 weeks, with regularly-thickened keratinized epithelium and well-organized collagen confirmed by histopathological examination. Chapter II: Preparation of Vancomycin-Loaded Silver Nanoparticles. Three factor-two level full factorial design was applied for the construction of vancomycin-loaded silver nanoparticles. The designed systems were prepared and studied for the following responses; particle size (nm), polydispersity index, zeta potential (mV), and UV absorbance. In-vivo study on surgically induced wounds in dogs manifested that the optimum drug-loaded system significantly boosted the wound healing process compared to plain system, drug solution, or control group providing rapid and complete skin regeneration. This was evidenced by clinical observations which showed significantly higher percent wound contraction and complete epithelization. Also, histopathological examinations revealed organized collagen deposition in well-formed granulation tissue in the optimum drug-loaded system.
520 3 _aتهدف هذه الرسالة الى تحضير جسيمات الفضة النانوية (AgNPs) المحمَّلة بعقارين مختلفين، هما: الكركمين والفانكومايسين، لتطبيقها موضعيًا على الجلد بهدف استخدامها في عملية التئام الجروح الناتجة عن الاستئصال الجلدي أو الحروق. وقد أظهرت جسيمات الفضة النانوية قدرة عالية على تعزيز التئام جروح الجلد، نظرًا لما تمتلكه من مزايا عديدة سيتم مناقشتها بشكل موسّع لاحقًا. وبناءً على ذلك، تم تقسيم العمل في هذه الرسالة إلى فصلين: الفصل الأول: تحضير جسيمات الفضة النانويةالمحمَّلة بالكركمين يهدف هذا الفصل الي صياغة جسيمات الفضة النانوية تحتوى علي الكركمين و تحضيرها باستخدام تقنية الاختزال الكيميائي. تم إتباع التصميم الاحصائى 33 central composite face-centered designلدراسة تأثير ثلاث متغيرات كل منها ذى ثلاث مستويات و قد تم تقييم الصيغ الناتجة من حيث حجم الجسيمات و مؤشر التشتت المتعدد و الجهد الكهربى (زيتا) وامتصاص الأشعة فوق البنفسجية الخاص بالفضة. و لتحسين جسيمات الفضة النانوية المحررة والمحتوية علي عقار الكركمين للتوصل للصياغةالأفضل, تم تحديد النتائج المرجوة و هى أن تكون امتصاص الأشعة فوق البنفسجيةفى حدها الأقصى بينما يكون حجم الجسيمات فى حده الأدنى و مؤشر التشتت المتعدد و الجهد الكهربى (زيتا) فى النطاق، و إستخدم برنامج Design Expert®لتحقيق ذلك. ثانيا, لدراسة تأثير الجسيمات علي الجسم الحي و التئام الجروح ف الحروق الجلدية، تم إحداث حروق حرارية باستخدام أداة دائرية من الفولاذ الصلب يبلغ قطرها 2 سم، تم تسخينها إلى 100 درجة مئوية، ووضعها على الجلد المحلوق بنفس الضغط لمدة 20 ثانية على كل جانب من ظهر كل كلب. عولجت جروح كل كلب يوميًا برش العينات قيد الاختبار باستخدام بخاخات تجارية، حيث جرى تعبئة كل بخاخ بـ 2 مل من التركيبة العلاجية، ثم رُشّت الكمية بالكامل على الجروح لضمان التغطية التامة.و قد أظهرت الصيغة الأفضل AgNP11 شفاءً سريعًا وإغلاقًا كاملاً للجرح في غضون 3 أسابيع، مع ظهور طبقة كيراتينية سميكة بانتظام وكولاجين منظم جيدًا. الفصل الثاني: تحضير جسيمات الفضة النانويةالمحمَّلة بالفانكومايسين يهدف هذا الفصل الي صياغة جسيمات الفضة النانوية تحتوى علي الفانكومايسين و تحضيرها باستخدام تقنية الاختزال الكيميائي. تم إتباع التصميم الاحصائى23 factorial design ثانيا, لدراسة تأثير الجسيمات علي الجسم الحي و التئام الجروح تم إحداث جراحي للجروح الجلدية كاملة السمك وتطبيق الصيغ الدوائية، تم إنشاء ثلاثة جروح دائرية كاملة السمك بقطر 3 سم لكل منها على جانبي الصدر بمحاذاة المنطقة الظهرية في الكلاب المستخدمة في التجربة. تمت معالجة جروح كل كلب يوميًا برش العينات المختبرة باستخدام بخاخات، حيث وُضع 2 مل من كل تركيبة دوائية في زجاجة الرش، ثم رُشّت الكمية كاملةً على الجروح. و قد أظهرت الدراسة الحيوية على الجروح المستحدثة جراحيًا في الكلاب أن الصيغه الأفضل عزّزت بشكل ملحوظ التئام الجروح وعليه، فإن جسيمات الفضة النانوية المغلفة بحمض الهيالورونيك والمحملة بالفانكومايسين تُعَدّ نظامًا واعدًا للغاية لأغراض التئام جروح الجلد.
530 _aIssues also as CD.
546 _aText in English and abstract in Arabic & English.
650 0 _aTransdermal medication
650 0 _aالأدوية عبر الجلد
653 1 _aSilver nanoparticles
_aWound healing
_aGene expression
_aCurcumin
_aHyaluronic acid
_aجسيمات الفضة النانوية
_aالتئام الجروح
700 0 _aSamia A. Nour
_ethesis advisor.
700 0 _aMai M. El Taweel
_ethesis advisor.
900 _b01-01-2025
_cSamia A. Nour
_cMai M. El Taweel
_UCairo University
_FFaculty of Pharmacy
_DDepartment of Pharmaceutics and Industrial Pharmacy
905 _aShimaa
942 _2ddc
_cTH
_e21
_n0
999 _c179539